Catalog

Record Details

Catalog Search



Olympos  Cover Image Book Book

Olympos / Aki ; translation, Tomo Kimura.

Aki, 1967- (author,, artist.). Kimura, Tomo, (translator.).

Summary:

Desperate to make his dreams come true, a young man named Heinz appeals to the heavens for divine intervention. But he wasn't expecting a beautiful ginger-haired boy to appear before him in the midst of his prayer... Apollo, the god of the sun, brings Heinz to a realm beyond reality - an endless field of flowers beneath an infinite expanse of stars. There, Heinz meets Ganymede, prince of Troy, who has remained here for hundreds of years, bound by his own uncertainty and despair. At Apollo's bidding, Heinz attempts to convince Ganymede to leave with him in exchange for having his own wish granted, but can anyone free Ganymede from the trappings of his mind?

Record details

  • ISBN: 9780316209502
  • ISBN: 0316209503
  • ISBN: 9780316209502
  • ISBN: 0316209503
  • Physical Description: 354 pages : chiefly illustrations (some color) ; 21 cm
  • Edition: First Yen Press edition.
  • Publisher: New York, NY : Yen Press, 2012.

Content descriptions

General Note:
Reads from right to left in the traditional Japanese format.
Collects both volumes of the manga.
Target Audience Note:
OT older teen.
Language Note:
Translated from the Japanese.
Subject: Gods, Greek > Comic books, strips, etc.
Genre: Young adult works.
Fantasy comics.
Graphic novels.
Comics (Graphic works)

Available copies

  • 1 of 1 copy available at scottsboropl.

Holds

  • 0 current holds with 1 total copy.
Show Only Available Copies
Location Call Number / Copy Notes Barcode Shelving Location Status Due Date
scottsboropl YA GN Aki 32269001235921 Young Adult - Graphic Novel Available -

LDR 03084cam a2200697 i 4500
001161510
003SBPL
00520230811113751.0
008190731s2012 nyua 6 000 1 eng d
010 . ‡a 2019299212
020 . ‡a9780316209502
020 . ‡a0316209503
020 . ‡a9780316209502 ‡q(pbk.)
020 . ‡a0316209503 ‡q(pbk.)
035 . ‡a(OCoLC)756584812 ‡z(OCoLC)966558549 ‡z(OCoLC)967796657 ‡z(OCoLC)1064561595
05000. ‡aPN6790.J33 ‡bA45413 2012
08200. ‡a741.5/952 ‡223
1000 . ‡aAki, ‡d1967- ‡eauthor, ‡eartist.
24010. ‡aOlympos. ‡lEnglish
24510. ‡aOlympos / ‡cAki ; translation, Tomo Kimura.
250 . ‡aFirst Yen Press edition.
264 1. ‡aNew York, NY : ‡bYen Press, ‡c2012.
300 . ‡a354 pages : ‡bchiefly illustrations (some color) ; ‡c21 cm
336 . ‡atext ‡btxt ‡2rdacontent
336 . ‡astill image ‡bsti ‡2rdacontent
337 . ‡aunmediated ‡bn ‡2rdamedia
338 . ‡avolume ‡bnc ‡2rdacarrier
500 . ‡aReads from right to left in the traditional Japanese format.
500 . ‡aCollects both volumes of the manga.
520 . ‡aDesperate to make his dreams come true, a young man named Heinz appeals to the heavens for divine intervention. But he wasn't expecting a beautiful ginger-haired boy to appear before him in the midst of his prayer... Apollo, the god of the sun, brings Heinz to a realm beyond reality - an endless field of flowers beneath an infinite expanse of stars. There, Heinz meets Ganymede, prince of Troy, who has remained here for hundreds of years, bound by his own uncertainty and despair. At Apollo's bidding, Heinz attempts to convince Ganymede to leave with him in exchange for having his own wish granted, but can anyone free Ganymede from the trappings of his mind?
5218 . ‡aOT older teen.
546 . ‡aTranslated from the Japanese.
650 0. ‡aGods, Greek ‡vComic books, strips, etc.
655 7. ‡aYoung adult works.
655 7. ‡aFantasy comics.
655 7. ‡aGraphic novels. ‡2lcgft
655 7. ‡aComics (Graphic works) ‡2lcgft
7001 . ‡aKimura, Tomo, ‡etranslator.
8001 . ‡aAki, ‡d1967- ‡tOlympos.
901 . ‡a161510 ‡bAUTOGEN ‡c161510 ‡tbiblio

Additional Resources